History of technological and administrative development in the Ashio Copper mine

محفوظ في:
التفاصيل البيبلوغرافية
المؤلف الرئيسي: Hoshino, Yoshiro
التنسيق: كتاب
اللغة:Undetermined
منشور في: Tokyo United Nations University 1983
الموضوعات:
الوسوم: إضافة وسم
لا توجد وسوم, كن أول من يضع وسما على هذه التسجيلة!
Thư viện lưu trữ: Trung tâm Học liệu Trường Đại học Cần Thơ
LEADER 00562nam a2200193Ia 4500
001 CTU_88622
008 210402s9999 xx 000 0 und d
082 |a 338.926 
082 |b H825 
100 |a Hoshino, Yoshiro 
245 0 |a History of technological and administrative development in the Ashio Copper mine 
245 0 |c Yoshiro Hoshino 
260 |a Tokyo 
260 |b United Nations University 
260 |c 1983 
650 |a Technology transfer 
650 |z Japan 
904 |i Giang,Hải 
980 |a Trung tâm Học liệu Trường Đại học Cần Thơ